Administrative systems of developing societies / (Record no. 126068)

MARC details
000 -LEADER
fixed length control field 00736nam a22002297a 4500
005 - DATE AND TIME OF LATEST TRANSACTION
control field 20170124110004.0
010 ## - LIBRARY OF CONGRESS CONTROL NUMBER
LC control number A-996551
020 ## - INTERNATIONAL STANDARD BOOK NUMBER
Terms of availability 00.00
International Standard Book Number 8170997305
035 ## - SYSTEM CONTROL NUMBER
System control number A-996551
037 ## - SOURCE OF ACQUISITION
Source of stock number/acquisition Cen Lib/Ret
040 ## - CATALOGING SOURCE
Original cataloging agency DPL
Language of cataloging EN
082 ## - DEWEY DECIMAL CLASSIFICATION NUMBER
Classification number 351.001
Item number SHA
100 ## - MAIN ENTRY--PERSONAL NAME
Personal name Sharma, R.D.
9 (RLIN) 16481
245 ## - TITLE STATEMENT
Title Administrative systems of developing societies /
Statement of responsibility, etc by R.D. Sharma
260 ## - PUBLICATION, DISTRIBUTION, ETC. (IMPRINT)
Place of publication, distribution, etc New Delhi
Name of publisher, distributor, etc Mittal Publications
Date of publication, distribution, etc 2000
270 ## - ADDRESS
City New Delhi
Address A-110, mohan garden
Postal code 110059
300 ## - PHYSICAL DESCRIPTION
Extent viii, 172p.
Dimensions 21cm(Hb)
500 ## - GENERAL NOTE
General note Includes appendix, bibliographical references and index
650 ## - SUBJECT ADDED ENTRY--TOPICAL TERM
Topical term or geographic name as entry element Political science
9 (RLIN) 16482
650 ## - SUBJECT ADDED ENTRY--TOPICAL TERM
Topical term or geographic name as entry element Public administration
9 (RLIN) 4733
942 ## - ADDED ENTRY ELEMENTS (KOHA)
Source of classification or shelving scheme Dewey Decimal Classification
Koha item type English Books
Classification part 351.001
Call number suffix SHA
Holdings
Withdrawn status Lost status Damaged status Not for loan Home library Current library Date acquired Source of acquisition Cost, normal purchase price Total Checkouts Full call number Barcode Date last seen Copy number Cost, replacement price Price effective from Koha item type
        Central Library Central Library 24/06/2015 Cen Lib/Ret 0.00   351.001 SHA A-996551 24/06/2015 1 0.00 24/06/2015 English Books

© Delhi Public Library
Hit Counter
free hit counter